Pays de l'Ex-Yougoslavie - Statistiques

Statistiques générales
  • Ce quiz a été pris 188 fois
  • Le résultat moyen est 6 sur 7
Statistiques - réponses
Hint Réponse % Correct
1 Serbie
93%
3 Croatie
88%
6 Bosnie-Herzégovine
84%
4 Monténégro
75%
2 Kosovo
73%
5 Macédoine du Nord
71%
7 Slovénie
71%
Aucun quiz correspondant
Distribution des résultats
% des personnes avec chaque résultat
Percentile par nombre de réponses
Votre historique - résultats
Vous n’avez pas pris ce quiz